Little Miss Sing along songs / (Record no. 116404)
[ view plain ]
| 000 -LEADER | |
|---|---|
| fixed length control field | 00306nam a2200109 a 4500 |
| 005 - DATE AND TIME OF LATEST TRANSACTION | |
| control field | 20140513081053.0 |
| 008 - FIXED-LENGTH DATA ELEMENTS--GENERAL INFORMATION | |
| fixed length control field | 090911s19uu xx 00 eng d |
| 050 ## - LIBRARY OF CONGRESS CALL NUMBER | |
| Classification number | Kit |
| Item number | LIT 1981 |
| 245 ## - TITLE STATEMENT | |
| Title | Little Miss Sing along songs / |
| Statement of responsibility, etc | Hangreaves, Roger. |
| 260 ## - PUBLICATION, DISTRIBUTION, ETC. (IMPRINT) | |
| Place of publication, distribution, etc | U.S.A : |
| Name of publisher, distributor, etc | Ottenheimer pub, |
| Date of publication, distribution, etc | 1981. |
| Withdrawn status | Lost status | Damaged status | Home library | Current library | Shelving location | Date acquired | Source of acquisition | Total Checkouts | Full call number | Barcode | Date last seen | Price effective from | Koha item type |
|---|---|---|---|---|---|---|---|---|---|---|---|---|---|
| Elizalde Library | Elizalde Library | KIT Section | 09/11/2009 | Kit LIT 1981 | E401 | 05/13/2014 | 05/13/2014 | Kits |